| 000 | 01007na a2200277 4500 | ||
|---|---|---|---|
| 001 | 15127 | ||
| 003 | MIRAKIL | ||
| 005 | 20181213154737.0 | ||
| 008 | 160919b tu 000 0 | ||
| 035 | _a15095 | ||
| 040 |
_aMilas _btur _cTR-AnCHP |
||
| 082 |
_a304.6021 1997 _bT95g 1998 |
||
| 090 | _a304.6021 1997 T95g 1998 | ||
| 110 | _aTürkiye İstatistik Kurumu (TÜİK) | ||
| 222 | _aGenel nüfus sayımı | ||
| 245 |
_a1997 genel nüfus tespiti il ve ilçelerin şehir ve köy nüfusları kesin sonuçları _cDevlet İstatistik Enstitüsü (DİE) |
||
| 246 | _a1997 genel nüfus sayımı | ||
| 260 |
_aAnkara _bDevlet İstatistik Enstitüsü (DİE) _c1998 |
||
| 300 |
_a18 s. _btbl. _c29 sm. |
||
| 500 | _aKurumun yeni adı: Türkiye İstatistik Kurumu (TÜİK) | ||
| 650 |
_aNüfus sayımları _x1997 _zTürkiye |
||
| 651 |
_aTürkiye _xNüfus sayımı _yİlçeler |
||
| 651 |
_aTürkiye _xNüfus sayımı _yİller |
||
| 651 |
_aTürkiye _xNüfus sayımı, 1997 _yİstatistikler |
||
| 942 |
_2ddc _cBKS |
||
| 999 |
_c176 _d176 |
||